000 00949cam a2200289 i 4500
999 _c29188
_d29159
001 4190849
003 EG-ScBUE
005 20210614155702.0
008 801218t1992 ua f b 000 0 eng d
040 _aDLC
_beng
_erda
_cDLC
_dDLC
_dEG-ScBUE
082 0 4 _a501
_bSCI
_222
245 0 0 _aScientific thinking :
_ba reader /
_ccompiled by The Science Department, The American University in Cairo.
250 _aRevised edition.
264 1 _aCairo :
_bThe American University in Cairo
_c[1992]
264 4 _cc1992
300 _axi, 484 pages ;
_c24 cm
336 _2rdacontent
_atext
_btxt
337 _2rdamedia
_aunmediated
_bn
338 _2rdacarrier
_avolume
_bnc
650 7 _aScience
_xPhilosophy.
_2BUEsh
650 7 _aScience
_xMethodology.
_2BUEsh
653 _bGGEN
_cJune2021
655 _vReading book
_934232
710 2 _aAmerican University in Cairo,
_ecompilor.
906 _a7
_bcbc
_corignew
_du
_eocip
_f19
_gy-gencatlg
942 _2ddc
_cBB